| 000 | 00380nam a2200145Ia 4500 | ||
|---|---|---|---|
| 008 | 230917s9999||||xx |||||||||||||| ||und|| | ||
| 040 |
_e61949 _aMAIN |
||
| 041 | _aEnglish | ||
| 082 | _a364.10954 N232V | ||
| 100 | _aNayar, Baldev Raj | ||
| 245 | 0 | _aViolence and crime in India: A quantitative study | |
| 260 |
_aDelhi _bMacmillan _c1975 |
||
| 300 | _axii, 150 p. | ||
| 942 | _cBK | ||
| 999 |
_c164363 _d164363 |
||